000 00536nam a2200193 a 4500
001 17568
003 CO-ViMGA
008 141112s2004 ck r 000 u spa d
020 _a8424178998
040 _aCO-ViMGA
_bspa
_cCO-ViMGA
082 0 4 _aMCCp
100 1 _aMcCormick, Wendy; Eachus, Jennifer
_924878
245 1 0 _aPapá ¿me echaras de menos?
260 _aLeón (España),
_cEverest,
_c2000
300 _a30.p.
590 _aForma de adquisición : Premio - Mincultura
650 1 4 _aCUENTOS INFANTILES
_92743
942 _2ddc
_cBK
999 _c27064
_d27064